Statistics for Countries Dean Rusk visited

Click here to take the quiz!

General Stats

  • This quiz has been taken 9 times
  • The average score is 32 of 39

Answer Stats

Continent Country % Correct
South AmericaArgentina
100%
OceaniaAustralia
100%
EuropeItaly
100%
OceaniaNew Zealand
100%
Asia/ EuropeRussia
100%
Asia/ EuropeTurkey
100%
South AmericaBrazil
100%
North AmericaCanada
100%
EuropeBelgium
100%
EuropeAustria
100%
South AmericaVenezuela
89%
South AmericaUruguay
89%
EuropeUnited Kingdom
89%
EuropeSpain
89%
AsiaSouth Korea
89%
EuropePortugal
89%
EuropeNorway
89%
Europethe Netherlands
89%
North AmericaMexico
89%
AsiaJapan
89%
EuropeFrance
89%
EuropeLuxembourg
78%
EuropeFinland
78%
AsiaThailand
78%
EuropeSwitzerland
78%
EuropeGermany
78%
EuropeGreece
78%
AsiaIndia
78%
Asiathe Philippines
78%
South AmericaParaguay
78%
AsiaIran
78%
EuropeIreland
78%
AsiaVietnam
78%
North AmericaCosta Rica
67%
EuropeIceland
56%
AsiaPakistan
56%
EuropeSerbia
44%
AsiaTaiwan
44%
AsiaGeorgia
33%

Score Distribution

Percentile by Number Answered

Percent of People with Each Score

Your Score History

You have not taken this quiz